| 000 | 00429nam a2200181Ia 4500 | ||
|---|---|---|---|
| 003 | OSt | ||
| 005 | 20230329094916.0 | ||
| 008 | 210210b1943 xxu||||| |||| 00| 0 eng d | ||
| 040 | _cAL | ||
| 041 | _aeng | ||
| 082 | _a829/109 | ||
| 100 |
_aBUCHAN (John) _979361 |
||
| 245 | _aIsland of sheep | ||
| 260 |
_aLondon _bThomas Nelson and Sons Ltd _c1936 |
||
| 690 |
_aEnglish Fiction _979362 |
||
| 906 | _a016719 | ||
| 942 |
_2ddc _cBK |
||
| 999 |
_c136384 _d136384 |
||